| 000 | 01045nam a2200265 a 4500 | ||
|---|---|---|---|
| 001 | BRCA_1460 | ||
| 005 | 20190320203434.0 | ||
| 008 | 941214s1993 mx-a---##b---#000-0bspa-d | ||
| 020 | _a9686932011 (Obra completa) | ||
| 050 | 4 |
_aF1233.5.D5 _b.K73 1993 |
|
| 100 | 1 |
_aKrauze, Enrique _92501 |
|
| 245 | 1 | 0 |
_aPorfirio _cEnrique Krauze, Fausto Zerón-Medina. |
| 260 |
_aMéxico _bClío _c1993 |
||
| 300 |
_a5 v. _bil. (algunas a color) _c35 cm. |
||
| 504 | _aIncluye referencias bibliográficas | ||
| 505 | 0 | _aContenido : t.1. El origen, 1830-1854. -- t.2. La guerra, 1854-1867. -- t.3. La ambición, 1867-1884. -- t.4. El poder, 1884-1900. -- t.6. El destierro, 1911-1915 | |
| 600 | 1 | 4 |
_aDíaz, Porfirio _d1830-1915 _94775 |
| 650 | 1 | 4 |
_aGenerales _vBiografía _zMéxico _94776 |
| 650 | 1 | 4 |
_aPresidentes _vBiografía _zMéxico _94777 |
| 650 | 1 | 4 |
_aRevolucionarios _vBiografía _zMéxico _94377 |
| 651 | 4 |
_aMéxico _xHistoria _y1867-1910 _94778 |
|
| 651 | 4 |
_aMéxico _xHistoria _y1910-1946 _94779 |
|
| 700 | 1 |
_aZerón-Medina, Fausto _94780 |
|
| 942 |
_2lcc _cB |
||
| 999 |
_c1322 _d1322 |
||